000 01120nam a2200277Ia 4500
001 18297
003 GE_BSU
008 181216s||||||||xx |||||||||||||| ||und||
020 _a9789941921360
040 _cGE_BSU
080 _a159.923.2
100 _aამინოვი,ი.ი; ერიაშვილი,ნ.დ.
245 _aსაქმიანი ურთიერთობის ფსიქოლოგია
245 _bსახელმძღვანელო
245 _cმთ.რედ:ნოდარ ერიაშვილი; რედ:სერგო,ბარამიძე; მანანა,სულხანიშვილი,
250 _aმეორე გამოცემა.
260 _aთბილისი
260 _bსამართლიანი საქართველო
260 _c2014
300 _a357გვ.20სმ.
300 _eილ.
541 _h29ლ.60თ.
653 _aსაქმიანი ურთიერთობის ფსიქოლოგია.
653 _aფსიქოლოგია
942 _cBK
999 _c51328
_d51328